The Hollywood film music reader /

Bibliographic Details
Other Authors: Cooke, Mervyn
Format: Book
Language:English
Published: Oxford ; New York : Oxford University Press, 2010.
Subjects:

MARC

Tag First Indicator Second Indicator Subfields
LEADER 00000cam a2200000 a 4500
001 in00002642921
005 20151202092043.0
008 100222s2010 enka b 001 0 eng
010 |a  2010007437 
015 |a GBB085844  |2 bnb 
016 7 |a 015605402  |2 Uk 
020 |a 9780195331189 (alk. paper) 
020 |a 0195331184 (alk. paper) 
020 |a 9780195331196 (alk. paper) 
020 |a 0195331192 (alk. paper) 
035 |a (OCoLC)ocn505421158 
035 |a (OCoLC)505421158 
040 |a DLC  |c DLC  |d BTCTA  |d YDXCP  |d UKM  |d C#P  |d BWX  |d CDX  |d YHM  |d UtOrBLW 
043 |a n-us--- 
049 |a TXAM 
050 0 0 |a ML2075  |b .H64 2010 
082 0 0 |a 781.5/420973  |2 22 
245 0 4 |a The Hollywood film music reader /  |c edited by Mervyn Cooke. 
264 1 |a Oxford ;  |a New York :  |b Oxford University Press,  |c 2010. 
300 |a ix, 382 pages :  |b illustrations ;  |c 25 cm. 
336 |a text  |b txt  |2 rdacontent 
337 |a unmediated  |b n  |2 rdamedia 
338 |a volume  |b nc  |2 rdacarrier 
504 |a Includes bibliographical references and index. 
505 0 |a Max Winkler : The origin of film music, 1951 -- T. Scott Buhrman : "Photoplays de Luxe," 1920 -- Ernö Rapée : Musical accompaniment to the feature picture, 1925 -- An interview with Gaylord Carter, Dean of theater organists, 1989 -- Leonid Sabaneev : Music for the films, 1935 -- Max Steiner : Scoring the film, 1937 -- David Raksin : Life with Charlie, 1983 -- Aaron Copland : Our new music, 1941 -- Ingolf Dahl : Notes on cartoon music, 1949 -- Scott Bradley : Personality on the soundtrack, 1947 -- Conversations with Carl Stalling, 1971 -- Dimitri Tiomkin : Please don't hate me! 1959 -- A radio interview with Franz Waxman, 1950 -- Gail Kubik : Music in documentary films, 1945 -- Adolph Deutsch on Three strangers, 1946 -- Miklós Rózsa : Quo vadis, 1951 -- André Previn : No minor chords, 1991 -- Henry Mancini : Did they mention the music? 1989 -- Bernard Herrmann : A lecture on film music, 1973 -- A conversation with Jerry Goldsmith, 1977 -- John Williams and Star wars, 1997 -- Thomas Newman on his film music, 1999 -- George Antheil : I am not a businessman, 1945 -- Igor Stravinsky on film music, 1946 -- David Raksin : Hollywood strikes back, 1948 -- Theodor Adorno and Hanns Eisler : Composing for the films, 1947 -- Frederick W. Sternfield on Hugo Friedhofer's Best years of our lives, 1947 -- Aaron Copland in the film studio, 1949 -- Lawrence Morton : Composing, orchestrating, and criticizing, 1951 -- Elmer Bernstein : Film composers vs. the studios, 1976 -- Sidney Lumet : Making movies, 1995. 
650 0 |a Motion picture music  |z United States  |x History and criticism. 
650 0 |a Film composers  |v Interviews. 
700 1 |a Cooke, Mervyn. 
938 |a Baker and Taylor  |b BTCP  |n BK0008787766 
938 |a Blackwell Book Service  |b BBUS  |n R3861263  |c $99.00 
938 |a YBP Library Services  |b YANK  |n 3223610 
938 |a Coutts Information Services  |b COUT  |n 12217037 
945 |a PromptCat  |b 87953 
946 |a stk 
947 |a A14839740537 
994 |a 92  |b TXA 
948 |a Cataloged  |b h  |c 2010/10/1  |d c  |e ibarton 
999 |a MARS 
999 f f |s 1eb390fd-b3ff-32d1-aa35-12b01c2a1423  |i 3c5718cb-a9c5-3418-88da-ae62c682f196  |t 0 
952 f f |p normal  |a Texas A&M University  |b College Station  |c Sterling C. Evans Library  |d Evans: Library Stacks  |t 0  |e ML2075 .H64 2010  |h Library of Congress classification  |i unmediated -- volume  |m A14839740537 
998 f f |a ML2075 .H64 2010  |t 0  |l Evans: Library Stacks